Directorial Debuts - Click Quiz - Statistics

General Stats
  • This quiz has been taken 40 times
  • The average score is 12 of 16
Answer Stats
Hint Answer % Correct
Quentin Tarantino (1992) Reservoir Dogs
97%
Orson Welles (1941) Citizen Kane
94%
Bradley Cooper (2018) A Star Is Born
90%
Greta Gerwig (2017) Lady Bird
90%
Sidney Lumet (1957) 12 Angry Men
87%
Seth MacFarlane (2012) Ted
87%
David Lynch (1977) Eraserhead
84%
Jordan Peele (2017) Get Out
84%
Edgar Wright (2004) Shaun of the Dead
84%
Michael B. Jordan (2023) Creed III
77%
Nancy Meyers (1998) The Parent Trap
71%
Steven Spielberg (1974) The Sugarland Express
71%
Sam Raimi (1981) The Evil Dead
68%
Christopher Nolan (1998) Following
61%
Francis Ford Coppola (1963) Dementia 13
52%
Alfred Hitchcock (1925) The Pleasure Garden
48%
No matching quizzes found
Score Distribution
Percent of People with Each Score
Percentile by Number Answered
Your Score History
You have not taken this quiz